00610nam a22002057a 450000500170000001000150001702000270003203500140005903700130007308200160008610000230010224500620012525000060018726000380019327000640023130000240029570000390031994200270035899900190038520240209151412.0 aENG-139054 a9789383243266c4200.00 aEN-122586 bDBAD/PUB a954.025721 aKoch, Ebba 961853 aThe Mughal Empire from Jahangir To shah Jahan/cEbba koch a1 aMumbaibThe Merg Foundationc2019 aArmy & navy building 3rd floor,148,M.G RoadbMumbaie400001 a320 p.c31 cm(hbk) aEbba Koch and Ali Anooshahr961376 2ddccENh954.0257mKOC c200622d200622